Sinh học 7

সংরক্ষণ করুন:
গ্রন্থ-পঞ্জীর বিবরন
অন্যান্য লেখক: Nguyễn Quang Vinh (tổng ch.b), Nguyễn Văn Khang, Trần Kiên (ch.b)
বিন্যাস: গ্রন্থ
ভাষা:Vietnamese
প্রকাশিত: Hà Nội Giáo dục 2009
সংস্করন:Tái bản lần thứ 3
বিষয়গুলি:
ট্যাগগুলো: ট্যাগ যুক্ত করুন
কোনো ট্যাগ নেই, প্রথমজন হিসাবে ট্যাগ করুন!
Thư viện lưu trữ: Trung tâm Học liệu Lê Vũ Hùng, Trường Đại học Đồng Tháp
LEADER 00959pam a22002898a 4500
001 00037072
005 20171026081023.0
008 170424s2009 ||||||viesd
020 |c 11500 
041 0 # |a vie 
082 1 4 |a 570.71  |b S312H 
245 0 0 |a Sinh học 7  |c Nguyễn Quang Vinh ( tổng ch. b), Trần Kiên (ch.b), Nguyễn Văn Khang 
250 # # |a Tái bản lần thứ 3 
260 # # |a Hà Nội  |b Giáo dục  |c 2009 
300 # # |a 208 tr.  |b minh họa  |c 24 cm. 
500 # # |a ĐTTS ghi: Bộ Giáo dục và Đào tạo 
650 # 4 |a Lớp 7 
650 # 4 |a Sách giáo khoa 
650 # 4 |a Sinh học 
700 1 # |a Nguyễn Quang Vinh  |e tổng ch.b 
700 1 # |a Nguyễn Văn Khang 
700 1 # |a Trần Kiên  |e ch.b 
852 # # |b Kho mượn  |j KGT.0052559 
852 # # |j KGT.0052559 
910 |d 24/04/2017 
980 # # |a Trung tâm Học liệu Lê Vũ Hùng, Trường Đại học Đồng Tháp